Cómo desarrollar el pensamiento matemático de los 0 a los 6 años: propuestas didácticas

Guardat en:
Dades bibliogràfiques
Autor principal: Alsina i Pastells, Angel (Autor)
Format: Llibre
Idioma:espanyol
Publicat: Barcelona, España: Octaedro S. L., 2012.
Edició:2a. ed
Col·lecció:Recursos Octaedro,
Matèries:
Etiquetes: Afegir etiqueta
Sense etiquetes, Sigues el primer a etiquetar aquest registre!

MARC

LEADER 00000cam a2200000 a 4500
001 UCC4528
003 CL-VaPUC
005 20241015150153.0
008 180810e20120000sp |||||||||||||||||spa|d
999 |c 372022  |d 372020 
020 |a 9788480638395 
040 |c Pontificia Universidad Católica de Valparaíso 
082 0 4 |a 372.7 ALS 2021  |2 21 
100 0 |a Alsina i Pastells, Angel  |e author  |9 598751 
245 1 0 |a Cómo desarrollar el pensamiento matemático de los 0 a los 6 años: propuestas didácticas 
250 |a 2a. ed 
260 |a Barcelona, España:  |b Octaedro S. L.,  |c 2012. 
300 |a 228 páginas. 
490 0 |a Recursos Octaedro,   |n  66 
500 |a c.4 Donación Sr. Carlos Cabezas MEMO Nº4/2024 Biblioteca de Matemáticas 14-8-2024 
583 |a last modification  |c 20180810 15:16:00  |k Rodrigo Vera 
650 0 |a Matemáticas  |x Enseñanza  |9 875527 
650 0 |a Educación básica   |9 224933  |x Métodos de enseñanza 
650 7 |a JUEGOS DIDACTICOS  |2 CL-VaPUC  |9 372975 
942 |c BK  |2 ddc 
945 |d 20180810 15:16:00  |a dcastane 
952 |0 0  |1 0  |3 erb  |4 0  |6 372_700000000000000_ALS_2012  |7 0  |8 A  |9 489244  |a BIBEDU  |b BIBEDU  |i 5486408  |o 372.7 ALS 2012  |p 5486408  |r 2019-11-24  |w 2019-11-24  |y BK  |z Catalogado en:20180810  |k EPE 
952 |0 0  |1 0  |3 erb  |4 0  |6 372_700000000000000_ALS_2012  |7 0  |8 A  |9 489245  |a BIBEDU  |b BIBEDU  |i 5486424  |o 372.7 ALS 2012  |p 5486424  |r 2019-11-24  |w 2019-11-24  |y BK  |z Catalogado en:20180810  |k EPE 
952 |0 0  |1 0  |3 erb  |4 0  |6 372_700000000000000_ALS_2012  |7 0  |8 A  |9 489246  |a BIBEDU  |b BIBEDU  |i 5486416  |l 3  |o 372.7 ALS 2012  |p 5486416  |r 2024-05-13  |s 2024-04-08  |w 2019-11-24  |y BK  |z Catalogado en:20180810  |k EPE